000 00600cam a2200145 4500500
005 20260329012305.0
041 _afre
042 _adc
100 1 0 _aMoureau, François
_eauthor
245 0 0 _aLefay, Sophie, L’Invention du jardin pittoresque en France (1761-1808), Avant-propos de Michel Baridon, Paris, Honoré Champion, « Les Dix-Huitièmes Siècles », 2022
260 _c2023.
500 _a5
786 0 _nDix-huitième siècle | 55 | 1 | 2023-05-09 | p. 579-579 | 0070-6760
856 4 1 _uhttps://shs.cairn.info/revue-dix-huitieme-siecle-2023-1-page-579?lang=fr&redirect-ssocas=7080
999 _c1869664
_d1869664